El hombre y Dios

Đã lưu trong:
Chi tiết về thư mục
Tác giả chính: Zubiri, Xavier (Tác giả)
Định dạng: Sách
Ngôn ngữ:Tiếng Tây Ban Nha
Được phát hành: Madrid Alianza 1985
Phiên bản:3a. ed
Những chủ đề:
Các nhãn: Thêm thẻ
Không có thẻ, Là người đầu tiên thẻ bản ghi này!

MARC

LEADER 00000nam a2200000 a 4500
001 UCZ1955
003 CL-VaPUC
008 950915e19850400SP |||||||||||||||||spa|d
082 0 4 |a 128  |b ZUB  |2 21 
100 0 |a Zubiri, Xavier  |e author  |9 216 
245 1 3 |a El hombre y Dios 
250 |a 3a. ed 
300 |a 386 p 
942 |c BK 
945 |d 19950915 00:00:00  |a lriquelm 
260 |a Madrid  |b Alianza  |c 1985 
650 7 |a HOMBRE  |2 CL-VaPUC  |9 262149 
650 0 |a Teología   |9 258766 
650 0 |a Filosofía   |9 223554 
650 0 |a Experiencia religiosa  |9 315549 
650 7 |a COMPORTAMIENTO RELIGIOSO  |2 CL-VaPUC  |9 336030 
650 0 |a Religión   |9 255164 
583 |a last modification  |c 19950915 00:00:00  |k Rodrigo Vera 
999 |c 238623  |d 238621 
952 |0 0  |1 0  |4 0  |6 128_000000000000000_ZUB_1985  |7 0  |8 A  |9 248939  |a BIBEDU  |b BIBEDU  |d 2019-11-18  |i 1562282  |l 1  |m 1  |o 128 ZUB 1985  |p 1562282  |r 2023-06-06  |s 2023-03-31  |w 2019-11-18  |y BK  |k FIL